| 000 | 00000cam 2200000zi 4500 |
| 001 | 9.961543 |
| 003 | CaOODSP |
| 005 | 20260604110235 |
| 006 | m o d f |
| 007 | cr cn |||||||| |
| 008 | 260331e202605##onca ob f000 0 fre d |
| 020 | |a9780660993447 |
| 040 | |aCaOODSP|bfre|erda|cCaOODSP |
| 043 | |an-cn--- |
| 086 | 1 |aH134-25/2026F-PDF |
| 245 | 00|aComment lire et comprendre l'étiquette des produits de cannabis. |
| 264 | 1|aOttawa (Ontario) : |bGouvernement du Canada = Government of Canada, |cmai 2026. |
| 264 | 4|c©2026 |
| 300 | |a1 ressource en ligne (9 pages) : |billustrations |
| 336 | |atexte|btxt|2rdacontent/fre |
| 337 | |ainformatique|bc|2rdamedia/fre |
| 338 | |aressource en ligne|bcr|2rdacarrier/fre |
| 490 | 1 |aSérie de ressources sur le cannabis |
| 500 | |aPublié aussi en anglais sous le titre : How to read and understand a cannabis product label. |
| 504 | |aComprend des références bibliographiques (page 8). |
| 650 | 6|aCannabis|xÉtiquetage|zCanada. |
| 710 | 1 |aCanada. |bSanté Canada, |eorganisme de publication. |
| 775 | 08|tHow to read and understand a cannabis product label.|w(CaOODSP)9.961542 |
| 830 | #0|aSérie de ressources sur le cannabis.|w(CaOODSP)9.919172 |
| 856 | 40|qPDF|s4.37 Mo|uhttps://publications.gc.ca/collections/collection_2026/sc-hc/H134-25-2026-fra.pdf |
| 856 | 4 |qHTML|sS.O.|uhttps://www.canada.ca/fr/sante-canada/services/drogues-medicaments/cannabis/consommation-personnelle/comment-lire-comprendre-etiquette-produits-cannabis.html |
| 986 | |a250504 |